Statistics for Cities With One Million People by Letter - G

Click here to take the quiz!

General Stats

  • This quiz has been taken 642 times
  • The average score is 7 of 16

Answer Stats

City % Correct
Glasgow
97%
Guadalajara
87%
Guatemala City
85%
Guangzhou
83%
Gaza
71%
Guayaquil
62%
Greensboro
40%
George Town
38%
Gaziantep
31%
Goiânia
24%
Guiyang
17%
Gwangju
16%
Gujranwala
12%
Guilin
11%
Guwahati
10%
Gwalior
10%

Score Distribution

Percentile by Number Answered

Percent of People with Each Score

Your Score History

You have not taken this quiz